LOST: Castaways of Oceanic 815 Quiz Stats

 Plays Quiz Updated Aug 24, 2018

Support Sporcle.
Go Orange.
Score 0/21 Timer 05:00
7 Plays Today
Actor/Actress Character % Correct
Matthew FoxJack Shephard
98.2%
Evangeline LillyKate Austen
96.9%
Josh HollowayJames 'Sawyer' Ford
95.5%
Jorge GarciaHugo 'Hurley' Reyes
93.3%
Terry O'QuinnJohn Locke
92.5%
Yunjin KimSun-Hwa Kwon
87.8%
Daniel Dae KimJin-Soo Kwon
87.3%
Dominic MonaghanCharlie Pace
86.9%
Emilie de Ravin Claire Littleton
81.9%
Naveen AndrewsSayid Jarrah
81.4%
Harold PerrineauMichael Dawson
72.8%
Actor/Actress Character % Correct
Ian SomerhalderBoone Carlyle
70.1%
Malcolm David KelleyWalt Lloyd
66.6%
Maggie GraceShannon Rutherford
63.6%
L. Scott CaldwellRose Nadler
49%
Adewale Akinnuoye-Agbaje Mr. Eko
40.2%
Michelle RodriguezAna Lucia Cortez
38.8%
Sam AndersonBernard Nadler
34%
Cynthia WatrosLibby Smith
32.6%
Rodrigo SantoroPaulo
18.9%
Kiele SanchezNikki Fernandez
18.3%

You're not logged in!

Compare scores with friends on all Sporcle quizzes.
OR
Log In

From the Vault

TV Show Characters VI

by SporcleEXP

This quiz has 25 characters that you either love to hate, or hate to love.
Remove Ads.
Support Sporcle.
Get the best of Sporcle when you Go Orange. This ad-free experience offers more features, more stats, and more fun while also helping to support Sporcle. Thank you for becoming a member.

Show Comments

Extras

Top Quizzes Today


Score Distribution

Your Account Isn't Verified!

In order to create a playlist on Sporcle, you need to verify the email address you used during registration. Go to your Sporcle Settings to finish the process.

Report this User

Report this user for behavior that violates our Community Guidelines.

Details: